Buoyed cables / (Record no. 186395)
[ view plain ]
| 000 -LEADER | |
|---|---|
| fixed length control field | 00969 a2200181 4500 |
| 003 - CONTROL NUMBER IDENTIFIER | |
| control field | Nust |
| 005 - DATE AND TIME OF LATEST TRANSACTION | |
| control field | 20230201115827.0 |
| 040 ## - CATALOGING SOURCE | |
| Transcribing agency | Nust |
| 082 ## - DEWEY DECIMAL CLASSIFICATION NUMBER | |
| Classification number | 808.83,LON |
| 100 ## - MAIN ENTRY--PERSONAL NAME | |
| Personal name | Laurie-Long, Ernest |
| 9 (RLIN) | 108352 |
| 245 ## - TITLE STATEMENT | |
| Title | Buoyed cables / |
| Statement of responsibility, etc. | E.Laurie-Long, |
| 260 ## - PUBLICATION, DISTRIBUTION, ETC. | |
| Place of publication, distribution, etc. | Ward Lock & Co., Limited |
| Name of publisher, distributor, etc. | London |
| Date of publication, distribution, etc. | 1941 |
| 300 ## - PHYSICAL DESCRIPTION | |
| Extent | 320 p |
| Other physical details | illus |
| Dimensions | 18 cm |
| 505 ## - FORMATTED CONTENTS NOTE | |
| Formatted contents note | Aloysious (Page-7), Game (Page-18), A Juvenile in Crime (Page-28), Butcher Boy (Page-44), Conduct Sheet (Page-59) Maisie (Page-86), Virtue Not Rewarded (Page-97), D Turret (Page-112), Correspondence (Page-121), After Three Years (Page-131), A Snap Shot (Page-152), Gunner Mate (Page-170), Tradition (Page-183), Only the Best (Page-197), The Tanker (Page-226), In Convoy (Page-249), Gunnery (Page-263), Service Ways (Page-279), Curacao (Page-285), Evolution (Page-295), Four Months Lather (Page-311). |
| 600 ## - SUBJECT ADDED ENTRY--PERSONAL NAME | |
| Personal name | Laurie-Long, Ernest |
| 9 (RLIN) | 108352 |
| 650 ## - SUBJECT ADDED ENTRY--TOPICAL TERM | |
| Topical term or geographic name entry element | Buoyed cables |
| 9 (RLIN) | 108353 |
| 942 ## - ADDED ENTRY ELEMENTS (KOHA) | |
| Source of classification or shelving scheme | |
| Koha item type | Book |
| Call number prefix | 808.83,LON |
| Withdrawn status | Lost status | Source of classification or shelving scheme | Damaged status | Not for loan | Permanent Location | Current Location | Shelving location | Date acquired | Full call number | Barcode | Date last seen | Price effective from | Koha item type | Public note |
|---|---|---|---|---|---|---|---|---|---|---|---|---|---|---|
| Military College of Signals (MCS) | Military College of Signals (MCS) | General Stacks | 12/12/2016 | 808.83,LON | MCS29809 | 12/08/2016 | 12/12/2016 | Book | Almirah No. 57, Shelf No. 1 |
